000 00441nam a2200157 4500
001 137318
003 ES-MaACL
007 t|
008 070214s1954 bl r ||||1| por d
100 1 _aSanches, Ilka.
_9102328
245 1 0 _aRosa de sombra /
_cIlka Sanches.
250 _a2ª. ed.
260 _aRio de Janeiro :
_b[s.n.],
_c1954 (
_fGráf. Laemmert)
300 _a98 p., 2 lám. :
_bil. ;
_c24 cm.
852 _aES-MaACL
_jC-9484
_bR.37780
999 _c137318
_d137318